Capsaicin-induced rapid neutrophil leukocyte activation in the rat urinary bladder microcirculatory bed

AIMS: This study was initiated to investigate the involvement of neutrophil leukocyte activation in neurogenic inflammation, a process also involved in human urinary pathologies, elicited in the rat urinary bladder by the local administration of capsaicin, the archetypal TRPV1 agonist. The contribut...

Teljes leírás

Elmentve itt :
Bibliográfiai részletek
Szerzők: Járomi Péter
Garab Dénes
Hartmann Petra
Bodnár Dóra
Nyíri Sándor
Sántha Péter
Boros Mihály
Jancsó Gábor
Szabó Andrea
Dokumentumtípus: Cikk
Megjelent: 2018
Sorozat:NEUROUROLOGY AND URODYNAMICS 37 No. 2
doi:10.1002/nau.23376

mtmt:3256380
Online Access:http://publicatio.bibl.u-szeged.hu/12287
LEADER 02865nab a2200301 i 4500
001 publ12287
005 20200115121408.0
008 180409s2018 hu o 0|| zxx d
022 |a 0733-2467 
024 7 |a 10.1002/nau.23376  |2 doi 
024 7 |a 3256380  |2 mtmt 
040 |a SZTE Publicatio Repozitórium  |b hun 
041 |a zxx 
100 1 |a Járomi Péter 
245 1 0 |a Capsaicin-induced rapid neutrophil leukocyte activation in the rat urinary bladder microcirculatory bed  |h [elektronikus dokumentum] /  |c  Járomi Péter 
260 |c 2018 
300 |a 690-698 
490 0 |a NEUROUROLOGY AND URODYNAMICS  |v 37 No. 2 
520 3 |a AIMS: This study was initiated to investigate the involvement of neutrophil leukocyte activation in neurogenic inflammation, a process also involved in human urinary pathologies, elicited in the rat urinary bladder by the local administration of capsaicin, the archetypal TRPV1 agonist. The contribution of afferent nerves and sensory neuropeptides to leukocyte activation in the urinary bladder microcirculatory bed was examined. METHODS: Following a 15-min topical application of capsaicin (50 muM), leukocyte-endothelial interactions were examined for an observation period of 45 min with intravital microscopy. Expression of adhesion molecules E-selectin and ICAM-1 implicated in these interactions was assessed by immunohistochemistry. Selective sensory denervation was performed by neonatal treatment with capsaicin. The role of the TRPV1 receptor and two sensory neuropeptides (CGRP and substance P [SP]) were studied using the selective antagonists capsazepine, CGRP8-37 and RP67580, respectively. RESULTS: Capsaicin induced rapid increases in leukocyte rolling and adhesion and increased the expression of E-selectin and ICAM-1 in the postcapillary venules. Sensory chemodenervation via capsaicin and also TRPV1 receptor antagonism effectively prevented these changes. A similar reduction was observed in leukocyte adhesion after topical application of CGRP8-34 or RP67580, but only CGRP8-34 reduced the capsaicin-evoked leukocyte rolling. CONCLUSIONS: Topical application of capsaicin induces early neurogenically mediated cellular microcirculatory inflammatory reactions via the activation of the TRPV1 receptor and the release of CGRP and SP from sensory nerves in the bladder. Co-administration of SP and CGRP receptor antagonists may ameliorate microcirculatory inflammatory changes elicited by capsaicin in the urinary bladder. 
700 0 1 |a Garab Dénes  |e aut 
700 0 1 |a Hartmann Petra  |e aut 
700 0 1 |a Bodnár Dóra  |e aut 
700 0 1 |a Nyíri Sándor  |e aut 
700 0 1 |a Sántha Péter  |e aut 
700 0 1 |a Boros Mihály  |e aut 
700 0 1 |a Jancsó Gábor  |e aut 
700 0 1 |a Szabó Andrea  |e aut 
856 4 0 |u http://publicatio.bibl.u-szeged.hu/12287/1/Jaromi_P_Neurourology_and_Urodynamics_u.pdf  |z Dokumentum-elérés